LEADER 00826nam0-2200301---450- 001 990008264400403321 005 20060130155301.0 010 $a0 521 82317 X 035 $a000826440 035 $aFED01000826440 035 $a(Aleph)000826440FED01 035 $a000826440 100 $a20060130d--------km-y0itay50------ba 101 0 $aeng 102 $aGB 105 $aa-------001yy 200 1 $aPhysical Properties of Polymers$fJames E. Mark ...[et. al] 205 $a3.ed. 210 $aCambridge$cCambridge University Press$dc2003 215 $axiii, 519 p.$cill.$d24 cm 700 1$aMark,$bJames E.$022309 801 0$aIT$bUNINA$gRICA$2UNIMARC 901 $aBK 912 $a990008264400403321 952 $a082-238$b5610$fDCH 959 $aDCH 996 $aPhysical Properties of Polymers$9742380 997 $aUNINA